Estudio y proyecto para mejorar el sistema de distribución urbana de alimentos en el distrito de Hatillo

Збережено в:
Бібліографічні деталі
Співавтор: Instituto de Fomento y Asesoría Municipal. Programa Integral de Mercadeo Agropecuario [Costa Rica]
Формат: Текст
Опубліковано: San José: IFAM. PIMA
Теги: Додати тег
Немає тегів, Будьте першим, хто поставить тег для цього запису!

MARC

LEADER 00000 a a2200000 04500
001 17147
003
040
090 |a 006900  
110 |a Instituto de Fomento y Asesoría Municipal. Programa Integral de Mercadeo Agropecuario [Costa Rica]  
245 |a Estudio y proyecto para mejorar el sistema de distribución urbana de alimentos en el distrito de Hatillo  
260 |a San José:   |b IFAM. PIMA  
300 |a 144 p.  
999 |c 10644  |d 10644